ARRUPE JESUIT UNIVERSITY

CORONAVIRUS -STOP THE SPREAD - CLEAN,DISINFECT,COVER

Seventeenth-century rationalism (Record no. 34339)

MARC details
000 -LEADER
fixed length control field 00495nam a2200205Ia 4500
003 - CONTROL NUMBER IDENTIFIER
control field 0100
008 - FIXED-LENGTH DATA ELEMENTS--GENERAL INFORMATION
fixed length control field 130303s9999 xx 000 0 und d
040 ## - CATALOGING SOURCE
Transcribing agency ARRUPELIB
050 ## - LIBRARY OF CONGRESS CALL NUMBER
Classification number B1875.C27
300 ## - PHYSICAL DESCRIPTION
Other physical details 22cm
245 ## - TITLE STATEMENT
Title Seventeenth-century rationalism
245 ## - TITLE STATEMENT
Remainder of title Bacon and Descartes
260 ## - PUBLICATION, DISTRIBUTION, ETC. (IMPRINT)
Place of publication, distribution, etc London
260 ## - PUBLICATION, DISTRIBUTION, ETC. (IMPRINT)
Name of publisher, distributor, etc Blaisdell Publishing company.
260 ## - PUBLICATION, DISTRIBUTION, ETC. (IMPRINT)
-- 1969
300 ## - PHYSICAL DESCRIPTION
Extent 218p.
650 ## - SUBJECT ADDED ENTRY--TOPICAL TERM
Topical term or geographic name as entry element PHILOSOPHY
700 ## - ADDED ENTRY--PERSONAL NAME
Personal name Cantor, Norman F. and Klein, Peter
942 00 - ADDED ENTRY ELEMENTS (KOHA)
Koha issues (borrowed), all copies 9
Holdings
Withdrawn status Lost status Source of classification or shelving scheme Damaged status Not for loan Collection code Home library Current library Shelving location Date acquired Total Checkouts Full call number Barcode Date last seen Date checked out Copy number Price effective from Koha item type
    Library of Congress Classification     Main Collection ARRUPE LIBRARY ARRUPE LIBRARY   04/03/2013 10 B1875.C27 46003011442 10/10/2017 25/09/2017 1 04/03/2013 Monograph ( Printed materials)

 

Arrupe Library. PO Box MP320 Mt Pleasant, Harare, Zimbabwe
263 242 745411|librarian@aju.ac.zw